000 00719nam a2200253 a 4500
001 000044500
003 DO-SdBNP
005 20180323142815.0
007 000044500
008 140703s2005 dr af 000 0 spa d
020 _a9993479187
040 _aBPMET
_bspa
_cBPMET
092 _axxxx
_bxxxx
100 1 _aPhipps, Miguel
245 1 0 _aDientesano /
_cMiguel Phipps ; diseño e ilustración Ohanda Coste.
260 _aSanto Domingo :
_bBúho,
_c2005.
300 _a20 p. :
_bil. ;
_c28 cm.
490 1 _aInfantil Phipps
_v6
700 1 2 _aCoste, Ohanda
_eil.
830 0 _aInfantil Phipps ;
_n6
942 _2ddc
_cBK
945 _aRemanejado pra la BNPHU / 2018 VM
956 _aVMATEO
_b10
_c20140703
_lBPMSU
_h0069
999 _c7311
_d7311